| 000 | 007560000a22002770004500 | ||
|---|---|---|---|
| 999 |
_c45463 _d45463 |
||
| 001 | 19088 | ||
| 003 | CO-MdFUSB | ||
| 005 | 20180605111450.0 | ||
| 008 | 180605t1964 fr ||||g |||| 00| 0 fre d | ||
| 040 |
_aCO-MdFUSB _bspa _cCO-MdFUSB _dCO-MdFUSB _erda |
||
| 041 | _afre | ||
| 082 |
_224 _aG 848.914 _bSA251m |
||
| 100 | 1 |
_aSartre, Jean-Paul _eautor |
|
| 245 | 0 | 4 |
_aLes mots _c/ Jean-Paul Sartre |
| 264 | 1 |
_aParis : _bGallimard, _c℗[1964] |
|
| 264 | 4 | _c©1964 | |
| 300 |
_a214 páginas _b: _c; |
||
| 336 |
_2rdacontent _atexto _btxt |
||
| 337 |
_2rdamedia _asin mediación _bn |
||
| 338 |
_2rdacarrier _avolumen _bnc |
||
| 505 | 0 | _aLeer -- Escribir | |
| 563 | _aRústico | ||
| 650 | 7 |
_9409 _aBiografía |
|
| 942 | _cBK | ||